| 000 | 00769na a2200217 4500 | ||
|---|---|---|---|
| 001 | 14291 | ||
| 003 | MIRAKIL | ||
| 005 | 20181213154949.0 | ||
| 008 | 160830b tu 000 0 | ||
| 035 | _a14291 | ||
| 040 |
_aMilas _btur _cTR-AnCHP |
||
| 082 |
_aATA 923.156 _bA72 1989 |
||
| 090 | _aATA 923.156 A72 1989 | ||
| 245 |
_aAtatürk haftası armağanı _cGenelkurmay Askeri Tarih ve Stratejik Etüt Başkanlığı |
||
| 260 |
_aAnkara _bGenelkurmay Askeri Tarih ve Stratejik Etüt Başkanlığı Yayınları _c1989 |
||
| 300 |
_a211 s. _c23 sm. |
||
| 600 |
_aAtatürk, Mustafa Kemal _d1881-1938 _xAtatürk devrimleri |
||
| 600 |
_aAtatürk, Mustafa Kemal _d1881-1938 _xToplantılar |
||
| 600 |
_aAtatürk, Mustafa Kemal _d1881-1938 _xDerlemeler |
||
| 942 |
_2ddc _cBKS |
||
| 999 |
_c3965 _d3965 |
||